000 00872nam a22002297a 4500
001 20743
003 BD-RjUL
005 20211209000614.0
008 140302s1963 nyua|||| |||| 001 0 eng d
035 _a(BD-RjUL)20805
040 _aBD-RjUL
_beng
_cBD-RjUL
_dBD-RjUL
041 _aeng
082 0 4 _a502.82505
_bELE 1963
245 0 _aElectron microscopy and strength of crystals proceedings of the first Berkeley International Materials Conference :
_b the impact of transmission electron microscopy on theories of the strength of crystals /
_cedited by Gareth Thomas; Jack Washburn
260 _aNew York :
_bInterscience Publishers,
_c1963.
300 _axi, 1022p. :
_billus. :
_c22cm.
504 _aInclude index
650 0 _aElectron microscopy
_z Congresses.
_964046
700 1 _a Thomas, Gareth
_934623
700 1 _a Washburn, Jack
_934624
942 _2ddc
_cBK
999 _c20743
_d20743